000 01188nam a2200349 a 4500
001 000014111
003 DO-SdBNP
005 20180323150627.0
007 000014111
008 091204t2009 dr a 001 0bspa d
020 _a9993476617
040 _aBPMSU
_bspa
_cBPMSU
082 4 _a923.27293
_bP349s, 2009
100 1 _aSantana, Osvaldo
245 1 0 _aPeña Gómez :
_bsus orígenes /
_cOsvaldo Santana ; ilustaciones Ramiro Manzano, José Manuel Rodríguez.
250 _a3a. ed.
260 _aSanto Domingo :
_bTobogán,
_c2009.
300 _a100 p. :
_bil. ;
_c21 cm.
490 1 _aBiografías Dominicanas Tobogán
600 1 4 _aPEÑA GÓMEZ, JOSÉ FRANCISCO,
_d1937-1998
650 4 _aPOLÍTICOS
_zREPÚBLICA DOMINICANA
651 4 _aREPÚBLICA DOMINICANA
_xHISTORIA
700 1 _aManzano, Ramiro,
_eil.
700 1 _aRodríguez, José Manuel,
_eil.
830 0 _aBiografías Dominicanas Tobogán
910 _aValidado. Control de calidad EMS.
942 _2ddc
_cBK
945 _aRemanejado para la BPHU, 2018 / BT
956 _aJPARRA
_b10
_c20091204
_lBND01
_h1102
956 _aBTAVAREZ
_b10
_c20091208
_lBND01
_h1514
956 _aVMATEO
_b10
_c20150415
_lBND01
_h00151
999 _c7637
_d7637